| 000 | 01698nam a2200337 i 4500 | ||
|---|---|---|---|
| 003 | DO-SdBNP | ||
| 005 | 20260310104645.0 | ||
| 007 | ta | ||
| 008 | 201023b2017 dr ||||| |||| 00| 0 spa d | ||
| 020 | _a9789945868340 | ||
| 040 |
_aDO-SdBNP _bspa _cBNPHU _erda |
||
| 041 | _aspa | ||
| 082 | 4 |
_a305 _bH519i _222 |
|
| 100 | 1 |
_aHenríquez Gratereaux, Federico, _d1937- _eautor _4aut. _92003 |
|
| 245 | 1 | 0 |
_aIdentidad persistente y mutante / _cFederico Henríquez Gratereaux ; cuidado de la edición, Clarisa Carmona ; diagramación, Yissel Casado ; diseño de cubierta, Enrique Read |
| 264 | 1 |
_aSanto Domingo, República Dominicana : _bEdiciones Fundación García Arévalo, _c2017. |
|
| 300 |
_a64 páginas ; _c23 cm. |
||
| 336 |
_atexto _btxt _2rdacontent |
||
| 337 |
_asin mediación _bn _2rdamedia |
||
| 338 |
_avolumen _bnc _2rdacarrier |
||
| 500 | _aIncluye datos biográficos del autor en la contracubierta. | ||
| 504 | _aBibliografía : páginas 59-60 | ||
| 505 |
_aIdentidad persistente y mutante I -- _tIdentidad persistente y mutante I -- _tIdentidad, raza, nación: separar las partes II -- _tAmérica: cohesión social en curso III -- _tDiscursos, ideologías, maneras de hablar IV -- _t«Tributos nacionales»... grandes y pequeñas V -- _tOrganizaciones sociales de complejidad creciente VI -- _tBibliografía -- _tApéndice: Alemanes y Judíos: La «Identidad interioR. |
||
| 590 | _aInventariado, 2022/ YL | ||
| 650 | 4 |
_aNacionalismo _910966 |
|
| 650 | 7 |
_aCaracterísticas nacionales _2LIBRUNAM _96408 |
|
| 650 | 4 |
_aIdentidad de grupo _989118 |
|
| 700 |
_aCarmona, Clarisa, _eedición _4ed. _989111 |
||
| 910 | _aYLockward/Validado. Control de calidad MFF | ||
| 942 |
_2ddc _cLBS1 |
||
| 999 |
_c48949 _d48949 |
||